000
00390 a2200157 4500
260
_a
Paris
260
_b
Flammarion Médecine-Sciences
245
_a
L'Année en réanimation médicale: colloques du l'hôpital Claude Bernard
100
_a
Vic-Dupont
260
_c
1971
300
_a
310
035
_a
2768
999
_c
18649
_d
18649